000 00512nam a22001817a 4500
005 20240401153739.0
008 240401b |||||||| |||| 00| 0 eng d
020 _a9788189966874
082 _a610.7307
_bPRA
100 _aPrasanna Lakshmi M
245 _aEducational Technology / Nursing Education
_b For BSc Nursing Student Third Year V-Semester
250 _a1st
260 _aHydrabad
_bFrontline Publications
_c2024
300 _axix;438P.
365 _aRs
_cRs
650 _aEducation
942 _cDB
999 _c357662
_d357662